| 000 | 01515nam a22003737a 4500 | ||
|---|---|---|---|
| 003 | CHAP | ||
| 005 | 20220329143323.0 | ||
| 008 | 080620s2008 mx a r 00010 spa d | ||
| 010 | _a94939 | ||
| 011 | _a95911 | ||
| 035 | _a106545 | ||
| 040 | _cCHAP | ||
| 090 | _aTesis | ||
| 100 | 1 |
_aCruz Maya, María Edith. _929501 |
|
| 245 | 1 | 0 |
_aActividad fermentativa y digestibilidad in vitro de sustratos fibrosos por cultivos frescos y enriquecidos de bacterias ruminales de oveja, cabra y vaca _c/por María Edith Cruz Maya y Jesús Saúl Nicolás Morales |
| 260 |
_aChapingo, Méx. : _bEl autor, _c2008 |
||
| 300 |
_a69 h. : _bgráfs., cuadros |
||
| 502 | _aTesis (Ing. Agr. Esp. en Zootecnia) -- UACH. Departamento de Zootecnia | ||
| 590 |
_aALEPH _b10 _c20130110 _lUCH01 _h1522 |
||
| 590 |
_aBATCH-UPD _b10 _c20130110 _lUCH01 _h0625 |
||
| 590 |
_aBATCH-UPD _b10 _c20130410 _lUCH01 _h0308 |
||
| 590 |
_aBATCH-UPD _b10 _c20130914 _lUCH01 _h0236 |
||
| 590 |
_aCONVERSION _b10 _c20130109 _lUCH01 _h1352 |
||
| 650 | 1 | 4 |
_aAlimentos y alimentación del ganado _xDigestibilidad. _94333 |
| 650 | 1 | 4 |
_aCinética. _923328 |
| 650 | 1 | 4 |
_aGanado cabrío _xAlimentación. _944990 |
| 650 | 1 | 4 |
_aGanado lanar _xAlimentación. _945153 |
| 650 | 1 | 4 |
_aGanado vacuno _xAlimentación. _945429 |
| 700 | 1 |
_aNicolás Morales, Jesús Saúl. _981201 |
|
| 901 | _aBK | ||
| 942 | _cFOLL | ||
| 949 |
_aTesis _bBC _cTES _d33724002051421 _eTS2 _fC.2 _gDonaciØn _h47724 _i106545 _sb |
||
| 949 |
_aTesis _bBC _cTES _d33724002051652 _eTS1 _gDonaciØn _h47723 _i106545 _sb |
||
| 999 |
_c94939 _d94939 |
||